Five Biggest Immigrant Groups by Country #3 - Statistics

General Stats
  • This quiz has been taken 66,655 times
    26,812 since last reset
  • The average score is 29 of 42
Answer Stats
Destination Country of origin % Correct
Saudi Arabia, Fiji India
92%
Thailand United Kingdom
92%
Netherlands, Turkey Syria
89%
Turkey Iraq
86%
Greece, Israel Russia
86%
Portugal France
84%
Turkey Germany
84%
Saudi Arabia, Fiji Pakistan
84%
Saudi Arabia Egypt
82%
Ivory Coast Niger
82%
Fiji Australia
81%
Netherlands Turkey
81%
Portugal Brazil
80%
Kenya Somalia
76%
Thailand Cambodia
74%
Israel Ethiopia
74%
Thailand Laos
74%
Israel, Netherlands Morocco
74%
Saudi Arabia Yemen
74%
Saudi Arabia, Fiji Bangladesh
73%
Thailand Myanmar
72%
Netherlands Poland
72%
Israel Ukraine
72%
Kenya D. R. Congo
71%
Ivory Coast Ghana
70%
Kenya Tanzania
70%
Greece, Turkey Bulgaria
67%
Israel Romania
67%
Ivory Coast Mali
66%
Greece Albania
65%
Kenya Uganda
65%
Thailand Japan
64%
Turkey Afghanistan
63%
Ivory Coast Burkina Faso
57%
Kenya South Sudan
57%
Portugal Angola
53%
Portugal Mozambique
53%
Ivory Coast Guinea
52%
Greece Georgia
40%
Fiji Tonga
32%
Netherlands Suriname
28%
Portugal Cape Verde
27%
No matching quizzes found
Score Distribution
Percent of People with Each Score
Percentile by Number Answered
Your Score History
You have not taken this quiz since the last reset